000 01230nam a2200301 a 4500
001 000003210
003 DO-SdBNP
005 20250512091101.0
007 ta
008 090707s2009 dr 000 0 spa d
020 _a9789993456476
040 _aDO-SdBNP
_bspa
_cBNPHU
082 4 _a863.44
_bA445v
_222
100 1 _aAlmánzar Rodríguez, Armando,
_d1935-
_919523
245 1 0 _aVórtice /
_cArmando Almánzar Rodríguez ; prólogo Pedro P. Yermenos Forasteri.
260 _aSanto Domingo :
_bBúho,
_c2009.
300 _a126 p. ;
_c23 cm.
490 1 _aLa otra orilla
500 _aIncluye datos biográficos del autor en las solapas
505 0 _aPrólogo --
_tTú --
_tLeonor --
_tDon Gerardo --
_tLeonor --
_tTú --
_tAlfredito --
_tDoña Gisela --
_tEspanto --
_tDoña Norma --
_tDon Salustiano Meléndez --
_tDoño Carlota --
_tJaimito --
_tNicasio --
_tLeonor --
_tAmbrosio José Restituyo --
_tLeonor --
_tAmbrosio José Restituyo.
590 _aInventariado, 2019 / DG
650 0 _aCuentos dominicanos
_9176
650 0 _aLiteratura dominicana.
_967
700 1 _aYermenos Forastieri, Pedro Pablo,
_eprólogo
_910149
830 0 _nLa otra orilla
_91904
910 _aValidado. Control de calidad. MMOLINA
942 _2ddc
_cLBS1
999 _c3041
_d3041